LA IZQUIERDA Y LA DEMOCRACIA/

Guardado en:
Bibliografiske detaljer
Hovedforfatter: Gómez, Pablo (autor)
Format: Bog
Fag:
Tags: Tilføj Tag
Ingen Tags, Vær først til at tagge denne postø!

MARC

LEADER 00000nam^a2200000^a^4500
001 000224629
005 20250521000000.0
009 20260310104055.666
035 |a 043575 
037 |a Acervo Xavier Clavigero 
082 |a 320. 5  |b GOM 
100 |a Gómez, Pablo  |e (autor) 
245 1 3 |a LA IZQUIERDA Y LA DEMOCRACIA/  |c PABLO GOMEZ 
264 |a México :  |b Ediciones de Cultura Popular,  |c 1984 
300 |a 206p. 
336 |a texto  |b txt  |2 rdacontenido 
337 |a sin mediación  |b n  |2 rdamedio 
338 |a volumen  |b nc  |2 rdasoporte 
649 |a XX 
650 |a Izquierda, La 
650 |a Democracia 
910 |a Fondo General 
920 |a Impresos - Libros 
930 |a Colección General 
905 |a 101 
901 |a 043575  |b IT1  |c ACC  |i 043575  |u 20250521 
902 |a https://opac.biblio.iteso.mx/vufind/Record/000224629